000 00511nam a22001937a 4500
003 koha_MIRAKIL
005 20231213100446.0
008 231213b |||||||| |||| 00| 0 ||| d
020 _b978-6-05-188410-3
040 _aTR-IsEVY
_btur
_cTR-IsEVY
082 _a823.914 LEW/B
100 _aLewis, Gill.
245 0 _aBeyaz yunus
260 _bBeyaz Balina Yayınları,
_c2020
300 _a259 s.
650 _aEnglish literature -- Fiction.
650 _aİngiliz edebiyatı -- Roman.
942 _2ddc
_cBK
999 _c20273
_d20273